00824cam a2200229 a 450000100100000000500170001000800410002704000300006808200190009810000260011724500340014326000640017730000210024150400420026265000400030465000330034465000400037791000340041704900090045195201170046099900170057700001505020251126125231.0750813s1970 ag 001 0 spa  aDO-SdBNPbspacDLCdBNPHU a291.175bP211d1 aPaoli, Arturo.93406110aDiálogo de la liberación. aBuenos Aires, Argentina :bEdiciones Carlos Lohlé,c1970. a303 p. ;c22 cm. aIncluye referencias bibliográficas. 0aIglesia y problemas sociales 92371 0aSociología cristiana95839 4aTeología de la liberación95838 aCatalogación por copia / LC aBNGR 001050718MOaGRbGRcCTd2010-01-29iLF1l0o291.175 P211dp15050-10r2020-06-25w2020-06-25y1ZNo se presta c14623d14623